| 000 | 00000nam##2200000za#4500 |
| 001 | 9.647292 |
| 003 | CaOODSP |
| 005 | 20210615112613 |
| 007 | ta |
| 008 | 150407|1999||||xxc||||| f|0| 0 eng|d |
| 020 | |a0-662-27686-8 |
| 040 | |aCaOODSP|beng |
| 043 | |an-cn--- |
| 086 | 1 |aSC94-71/1999E |
| 110 | 1 |aCanada.|bCanadian Centre for Management Development. |bCitizen-Centred Service Network. |
| 245 | 10|aGood practices in citizen-centred service / |cby D. Marie Blythe with D. Brian Marson. |
| 260 | |aOttawa - Ontario : |bCanadian Centre for Management Development. |c1999. |
| 300 | |av, 176p. : |breferences ; |c28 cm. |
| 563 | |aSoftcover |
| 590 | |a02-31|b2002-08-02 |
| 690 | 07|aCustomer services|2gcpds |
| 690 | 07|aFederal government|2gcpds |
| 690 | 07|aPublic service|2gcpds |
| 720 | 1 |aBlythe, D. Marie |
| 720 | 1 |aMarson, D. |
| 775 | 08|tPratiques exemplaires d'un service axé sur les citoyens / |w(CaOODSP)9.680719 |
| 776 | 0#|tGood practices in citizen-centered service / |w(CaOODSP)9.695889 |